| 000 | 00493nam a2200169Ia 4500 | ||
|---|---|---|---|
| 003 | LK-CoDNM | ||
| 008 | 010623t1926 xxu||||| |||| 00| 1 sin d | ||
| 040 |
_aLK-CoDNM _dLK-CoDNM _eLK-CoDNM |
||
| 041 | _asin | ||
| 080 | _a104 C 17 | ||
| 100 |
_aSumangala Thero,Kollupitiye _eed. |
||
| 245 | _aසම්යුත්ත නිකාය ගාථා සන්නය | ||
| 246 | _aSamyuththa Nikaaya Gaatha Sannaya | ||
| 260 |
_bMaha Bhodi _aColombo _c1926 |
||
| 300 | _b258p, 21 cm | ||
| 942 | _cBK | ||
| 999 |
_c93694 _d93694 |
||